International finance and financial crises: essays in honor of Robert P. Flood, Jr. (Record no. 47372)

MARC details
000 -LEADER
fixed length control field 00697nam a2200193 a 4500
008 - FIXED-LENGTH DATA ELEMENTS--GENERAL INFORMATION
fixed length control field 120416s2000 ||||||||||||||||| || u
020 ## - INTERNATIONAL STANDARD BOOK NUMBER
International Standard Book Number 1557758344
050 ## - LIBRARY OF CONGRESS CALL NUMBER
Classification number IMF(02)
100 ## - MAIN ENTRY--PERSONAL NAME
Personal name Razin, Assaf
245 10 - TITLE STATEMENT
Title International finance and financial crises: essays in honor of Robert P. Flood, Jr.
Statement of responsibility, etc. edited by Peter Isard
260 ## - PUBLICATION, DISTRIBUTION, ETC.
Place of publication, distribution, etc. Washington, D.C.
Name of publisher, distributor, etc. IMF
Date of publication, distribution, etc. 2000
300 ## - PHYSICAL DESCRIPTION
Extent xviii, 273p. : ill.
350 ## - PRICE (NR) (BK AM CF MU VM SE) [OBSOLETE]
Price 0.00
650 ## - SUBJECT ADDED ENTRY--TOPICAL TERM
Topical term or geographic name entry element FINANCIAL CRISES
650 ## - SUBJECT ADDED ENTRY--TOPICAL TERM
Topical term or geographic name entry element INTERNATIONAL FINANCE
700 ## - ADDED ENTRY--PERSONAL NAME
Personal name Isard, Peter
700 ## - ADDED ENTRY--PERSONAL NAME
Personal name Rose, Andrew K
995 ## - RECOMMENDATION 995 [LOCAL, UNIMARC FRANCE]
-- 0.00
-- CBU-MAIN LIBRARY (Kitwe)
-- 1
-- 25.00
-- 1
-- AVAILABLE
-- Annex Low-Usage Collection
Holdings
Withdrawn status Lost status Source of classification or shelving scheme Damaged status Not for loan Home library Current library Shelving location Date acquired Total Checkouts Full call number Barcode Date last seen Price effective from Koha item type
          CBU-MAIN LIBRARY, KITWE. CBU-MAIN LIBRARY, KITWE.   11/30/2022   IMF(02) 028372 11/30/2022 11/30/2022 MONOGRAPH